000
00330nam a22001457a 4500
008
210527b ||||| |||| 00| 0 eng d
020
_a
0387942297
041
_a
eng
080
_2
2nd
_a
616-053.2
082
_a
616-053.2
100
_a
8
101
_a
PED
245
_a
Pediatric Nuclear Medicine
_c
Treves,S.T
942
_2
udc
_c
BK
999
_c
57677
_d
57677